000 01435nam a22003371i 4500
005 20260412133440.0
008 260412s1995 ua ao||frm||| 00| 0 eng d
040 _aEG-GICUC
_beng
_cEG-GICUC
_dEG-GICUC
_erda
041 0 _aeng
_beng
_bara
049 _aDeposit
097 _aM.Sc
099 _aCai01.12.13.M.Sc.1995.Lo.E
100 0 _a Lobna Mohamed Abou Setta
_epreparation.
245 1 0 _aEcological studies on the growth and oil content of umbelliferae species /
_cBy Lobna Mohamed Abou Setta ; Supervised By Prof. Dr. A. A. Abdel El-Rhaman, Prof. Dr M. Hamouda.
246 1 5 _aدراسات بيئية على النمو و المحتوى من الزيوت الطياره فى بعض أنواع الفصيلة الخيمية
264 0 _c1995.
300 _a125 pages :
_billustrations ;
_c30 cm. +
336 _2rda content
_atext
337 _2rdamedia
_aUnmediated
338 _2rdacarrier
_avolume
502 _aThesis (M.Sc.)-Cairo University, 1995.
504 _aBibliography: pages 106-125
653 0 _abotany
653 0 _aoil
653 0 _aumbelliferae species
700 0 _aProf. Dr. A. A. Abd El-Rhaman.
_ethesis advisor.
700 0 _aProf. Dr M. Hamouda.
_ethesis advisor.
900 _DDepartment of botany
_FFaculty of science
_UCairo University
_b1995
_cProf. Dr. A. A. Abd El-Rhaman,
_cProf. Dr. M. Hamouda
_dProf. Dr. A. A. Abd El-Rhaman,
905 _aNermeen-A
942 _2ddc
_cTH
_e21
_n0
999 _c179423